Without Sporcle: Miscellaneous Quiz Stats

 Plays Quiz Updated Aug 19, 2019

Score 0/45 Timer 08:00
4 Plays Today
Hint Answer % Correct
US UniversitiesHarvard
98%
Car ManufacturersMercedes-Benz
97.3%
US UniversitiesYale
97.2%
Car ManufacturersMitsubishi
96.6%
Car ManufacturersVolkswagen
96.1%
US UniversitiesColumbia
96.1%
Car ManufacturersLamborghini
96%
PastasSpaghetti
95.3%
Top Baby Names (2000s)Elizabeth
95%
Top Baby Names (2000s)Joshua
94.8%
US UniversitiesStanford
94.7%
MagazinesVogue
94.6%
RestaurantsMcDonald's
94.6%
SlogansGimme a break
94.5%
Top Baby Names (2000s)Jacob
94.2%
RestaurantsDairy Queen
94.1%
PastasLasagna
93.6%
CocktailsBloody Mary
93.4%
SlogansI'm loving it!
92.8%
CocktailsPiña Colada
92.3%
RestaurantsDomino's
92.2%
RestaurantsTaco Bell
90.4%
Top Baby Names (2000s)Emily
89.8%
Hint Answer % Correct
SlogansWhere's the beef?
87.6%
SlogansTaste the Rainbow
87.5%
Top Baby Names (2000s)Michael
86.2%
Footwear CompaniesUnder Armour
84.8%
CocktailsSex on the Beach
84.4%
MagazinesCosmopolitan
84.3%
PastasRavioli
82.3%
Footwear CompaniesNew Balance
81.6%
RestaurantsPanda Express
81.1%
CocktailsTequila Sunrise
80.6%
PastasMacaroni
79.2%
MagazinesGlamour
72.7%
MagazinesReader's Digest
68.5%
SlogansEat fresh
64.4%
PastasFarfalle
64.3%
MagazinesSports Illustrated
63.8%
US UniversitiesPrinceton
61.4%
CocktailsCuba Libre
60.3%
Car ManufacturersCadillac
54.1%
Footwear CompaniesAsics
52.8%
Footwear CompaniesSaucony
46%
Footwear CompaniesSkechers
42.7%

You're not logged in!

Compare scores with friends on all Sporcle quizzes.
OR
Log In

Sporcle TV

Today on Sporcle TV


Watch our educational content, quiz creation guides, and fun videos on Sporcle TV.

Show Comments

Extras

Top Quizzes Today


Score Distribution

Your Account Isn't Verified!

In order to create a playlist on Sporcle, you need to verify the email address you used during registration. Go to your Sporcle Settings to finish the process.

Report this User

Report this user for behavior that violates our Community Guidelines.

Details: